| Поле | Инд. | ПП | Название | Значение |
|---|---|---|---|---|
| Тип записи | a | |||
| Библиографический уровень | b | |||
| 001 | Контрольный номер | RU/IS/BASE/372357782 | ||
| 005 | Дата корректировки | 20240916164215.9 | ||
| 008 | Кодируемые данные | 20111019 | ||
| 084 | a | Индекс другой классификации/Индекс ББК | 65.050.2 | |
| 100 | 1_ | a | Автор | Александров О. В. |
| 100 | 1_ | a | Автор | Барбашова Н. Е. |
| 100 | 1_ | a | Автор | Богданов Л. Н. |
| 100 | 1_ | a | Автор | Габуния Ф. Г. |
| 100 | 1_ | a | Автор | Гриднев В. В. |
| 100 | 1_ | a | Автор | Дмитриев М. Э. |
| 100 | 1_ | a | Автор | Добролюбова Е. А. |
| 100 | 1_ | a | Автор | Климанов В. В. |
| 100 | 1_ | a | Автор | Макстенек М. И. |
| 100 | 1_ | a | Автор | Пискунов А. А. |
| 100 | 1_ | a | Автор | Сивашева Н. М. |
| 100 | 1_ | a | Автор | Сизова О. В. |
| 100 | 1_ | a | Автор | Степанов И. М. |
| 100 | 1_ | a | Автор | Цветков О. Н. |
| q | Полное имя | Цветков Олег Николаевич | ||
| 100 | 1_ | a | Автор | Шамрин А. Т. |
| 100 | 1_ | a | Автор | Южаков В. Н. |
| 245 | _1 | a | Заглавие | "Управление по результатам - итоги и новые возможности" |
| b | Продолж. заглавия | Круглый стол (30 марта, 2010 г.) | ||
| c | Ответственность | Фонд "Центр стратегических разработок", Центр экономического и финансового консалтинга | ||
| 650 | 04 | a | Основная рубрика | региональная экономика |
| a | Основная рубрика | управление экономикой | ||
| a | Основная рубрика | экономика | ||
| 653 | 0_ | a | Ключевые слова | бюджет региона |
| a | Ключевые слова | государственная власть | ||
| a | Ключевые слова | государственная региональная политика | ||
| a | Ключевые слова | государственное управление | ||
| a | Ключевые слова | доходы бюджетов | ||
| a | Ключевые слова | информационные системы управления | ||
| a | Ключевые слова | муниципальная власть | ||
| a | Ключевые слова | муниципальная экономика | ||
| a | Ключевые слова | принятие управленческих решений | ||
| a | Ключевые слова | Россия | ||
| a | Ключевые слова | социально-экономическое развитие | ||
| a | Ключевые слова | управление затратами | ||
| a | Ключевые слова | управление по результатам | ||
| a | Ключевые слова | эффективность планирования | ||
| a | Ключевые слова | эффективность управления | ||
| 773 | 18 | t | Заглавие источника | Вопросы государственного и муниципального управления |
| d | Дата издания источника | 2010 | ||
| g | Прочая информация | № 2. - С. 101 - 125 | ||
| w | Контрольный № источника | RU/IS/BASE/334673072 | ||
| 901 | t | Тип документа | b |